| 000 | 00696nam a22001577a 4500 | ||
|---|---|---|---|
| 003 | OSt | ||
| 005 | 20151009101024.0 | ||
| 008 | 151009b xxu||||| |||| 00| 0 eng d | ||
| 040 | _cRUA | ||
| 082 | _aAVM POV 2008 B083 Or.1 | ||
| 100 |
_92422 _aPOV, RACHNA. |
||
| 245 | _aPresent situation and impact of foot and mouth disease on cattle in tramkok district takeo province, ស្ថានភាពបច្ចុប្បន្ន និងផលប៉ះពាល់នៃជំងឺអុតក្ដាមគោនៅក្នុងស្រុកត្រាំកក់ ខេត្តតាកែវ | ||
| 260 |
_aPhnom Penh _bRUA _c2008 |
||
| 300 |
_a43p. _bill. _c29cm. |
||
| 942 |
_2ddc _cAVM |
||
| 999 |
_c2279 _d2279 |
||